La expropiación: incluye análisis de casos y la ley 3.958 actualizada, anotada y concordada
Bewaard in:
| Hoofdauteur: | |
|---|---|
| Formaat: | Boek |
| Taal: | Spaans |
| Gepubliceerd in: |
Montevideo
Carlos Alvarez
2007
|
| Onderwerpen: | |
| Tags: |
Voeg label toe
Geen labels, Wees de eerste die dit record labelt!
|
MARC
| LEADER | 00000nam a2200000 a 4500 | ||
|---|---|---|---|
| 001 | UCG6501 | ||
| 003 | CL-VaPUC | ||
| 008 | 110428e20070700UY |||||||||||||||||spa|d | ||
| 020 | |a 9789974611276 | ||
| 082 | 0 | 4 | |a 346.895043 |b FLO |2 21 |
| 100 | 0 | |a Flores Dapkevicius, Rubén |e author |9 556718 | |
| 245 | 1 | 3 | |a La expropiación: incluye análisis de casos y la ley 3.958 actualizada, anotada y concordada |
| 300 | |a 253 p | ||
| 942 | |c BK | ||
| 945 | |d 20110428 00:00:00 |a jcampos | ||
| 260 | |a Montevideo |b Carlos Alvarez |c 2007 | ||
| 650 | 7 | |a EXPROPIACION |2 CL-VaPUC |9 360440 | |
| 650 | 0 | |a Indemnización |9 371892 | |
| 650 | 0 | |a Derecho uruguayo |9 387616 | |
| 650 | 7 | |a REAJUSTABILIDAD |2 CL-VaPUC |9 556719 | |
| 650 | 0 | |a Derecho privado |9 258243 | |
| 650 | 0 | |a Viviendas |9 255326 | |
| 650 | 0 | |a Derecho público |9 255910 | |
| 650 | 0 | |a Jurisprudencia |9 255952 | |
| 651 | 0 | |a Uruguay |9 255194 | |
| 583 | |a last modification |c 20110428 00:00:00 |k Rodrigo Vera | ||
| 999 | |c 344710 |d 344708 | ||
| 952 | |0 0 |1 0 |4 0 |6 346_895043000000000_FLO_2007 |7 0 |8 A |9 442847 |a BIBDER |b BIBDER |d 2019-11-22 |i 4769457 |o 346.895043 FLO 2007 |p 4769457 |r 2023-01-25 |w 2019-11-22 |y BK |k DER | ||